|
|
|
|
| LEADER |
00000nam a2200000 a 4500 |
| 001 |
vtls001322799 |
| 003 |
SK-MaSNL |
| 005 |
20260301005455.0 |
| 008 |
251113s1997 DE 0 ger |
| 020 |
|
|
|a 3893542620
|c [1283,00]
|
| 035 |
|
|
|a SNK000275481
|
| 040 |
|
|
|a SNK
|b slo
|c SNK
|e AACR2
|
| 044 |
|
|
|a DE
|
| 080 |
|
|
|a 82.035
|2 1981
|
| 245 |
1 |
|
|a Modelle der Translation
|b Festschrift für Albrecht Neubert
|c Gerd Wotjak, Heide Schmidt (Hrsg.)
|
| 260 |
|
|
|a Frankfurt am Main
|b Vervuert
|c 1997
|
| 300 |
|
|
|a 346 s.
|c 23 cm
|
| 490 |
1 |
|
|a Leipziger Schriften zur Kultur-, Literatur-, Sprach- und Übersetzungswissenschaft
|v Bd. 2
|
| 500 |
|
|
|a Súbež. názov a čiast. text angl.
|
| 650 |
0 |
7 |
|a preklad
|2 SNKPH
|9 25315
|
| 650 |
0 |
7 |
|a teória prekladu
|2 SNKPH
|9 15928
|
| 655 |
|
7 |
|a zborníky
|2 SNKPH
|9 70165
|
| 700 |
1 |
|
|a Wotjak, Gerd
|4 upr
|9 289823
|
| 700 |
1 |
|
|a Schmidt, Heide
|4 upr
|9 289824
|
| 700 |
1 |
|
|a NeubertC, Albrecht
|4 280010
|9 289825
|
| 830 |
|
0 |
|a Leipziger Schriften zur Kultur-, Literatur-, Sprach- und Übersetzungswissenschaft
|9 289826
|
| 919 |
|
|
|a 3-89354-262-0
|
| 999 |
|
|
|c 545265
|d 547195
|
| 952 |
|
|
|t P60, <04>, [BOOK], {604}
|a SNK
|b SNK
|y VYP
|7 0
|p 17A0125767
|o snkIC 127059
|i snkV 141/98
|0 0
|1 0
|4 0
|d 1998-03-09
|l 0
|r 2005-01-02 00:00:00
|w 2026-02-23
|